| 000 | 00853nam a22001937a 4500 | ||
|---|---|---|---|
| 999 |
_c58981 _d58981 |
||
| 003 | Ge_BSU | ||
| 005 | 20221027110020.0 | ||
| 008 | 221027s1999 ge ||||| |||| 00| 0 geo d | ||
| 020 | _a9992844159 | ||
| 041 | _ageo | ||
| 080 | _a342.511(73) ჯ-26 | ||
| 100 |
_aჯაფარიძე, შოთა _94625 |
||
| 245 |
_aამერიკის შეერთებული შტატების პრეზიდენტები / _c[რედ.: ვლადიმერ ჭანუყვაძე]. |
||
| 264 |
_aბათუმი : _b აჭარა, _c1999. |
||
| 300 |
_a424 გვ. : _bილ. ; _c20 სმ. |
||
| 501 | _aპარალ. თავფ. ინგლ. ენ. | ||
| 653 | _a ამერიკის შეერთებული შტატების პრეზიდენტები | ||
| 942 |
_2udc _cBK |
||